|
|
|
|
| LEADER |
00000nas a2200000 a 4500 |
| 001 |
ssj0006659 |
| 003 |
WaSeSS |
| 005 |
20200512172242.0 |
| 006 |
m d |
| 007 |
cr n |
| 008 |
041012c19799999mduqr pss 0 a0eng c |
| 010 |
|
|
|a 2004213354
|
| 022 |
|
|
|a 1553-1201
|l 0885-0429
|y 0885-0429
|
| 035 |
|
|
|a (WaSeSS)ssj0006659
|
| 037 |
|
|
|b Johns Hopkins University Press, 2715 N. Charles St., Baltimore, MD 21218
|
| 040 |
|
|
|a NSD
|b eng
|c NSD
|d MUQ
|d MYG
|d DLC
|d OCL
|d OCLCQ
|d BUF
|d DLC
|d OCLCQ
|d OCLCF
|d VT2
|d OCLCQ
|d GILDS
|d OCLCO
|d WaSeSS
|
| 042 |
|
|
|a pcc
|a nsdp
|
| 050 |
1 |
4 |
|a PN1008.2
|b C48
|
| 082 |
0 |
4 |
|a 809.89282
|
| 130 |
0 |
|
|a Children's Literature Association quarterly (Online)
|
| 222 |
|
0 |
|a Children's Literature Association quarterly
|b (Online)
|
| 245 |
1 |
0 |
|a Children's Literature Association quarterly
|h [electronic resource].
|
| 260 |
|
|
|a [Baltimore, Md.] :
|b Johns Hopkins University Press
|
| 310 |
|
|
|a Quarterly
|
| 362 |
1 |
|
|a Print began in 1979.
|
| 506 |
|
|
|a License restrictions may limit access.
|
| 538 |
|
|
|a Mode of access: World Wide Web.
|
| 588 |
|
|
|a Description based on: Vol. 30, no. 1; title from journal contents page (Project Muse, viewed Aug. 25, 2005).
|
| 650 |
|
0 |
|a Children's literature
|x History and criticism
|v Periodicals.
|
| 650 |
|
6 |
|a Littérature de jeunesse
|x Histoire et critique
|v Périodiques.
|
| 650 |
|
7 |
|a Children's literature.
|2 fast
|0 (OCoLC)fst01759351
|
| 655 |
|
0 |
|a Electronic journals.
|
| 710 |
2 |
|
|a Children's Literature Association (U.S.)
|
| 776 |
1 |
|
|t Children's Literature Association quarterly
|x 0885-0429
|w (DLC) 84643947
|w (OCoLC)5853997
|
| 780 |
0 |
0 |
|t ChLA newsletter (Villanova, Pa.)
|w (DLC) 2009247565
|w (OCoLC)310422149
|
| 856 |
4 |
0 |
|z Full text available from Research Library: 04/01/2004 to 1 year ago
|u https://search.proquest.com/publication/28555
|